प्रबंध के मूल सिद्धांत तथा कार्य (Record no. 210714)
[ view plain ]
| 000 -LEADER | |
|---|---|
| fixed length control field | 00792nam a22001817a 4500 |
| 005 - DATE AND TIME OF LATEST TRANSACTION | |
| control field | 20250403124253.0 |
| 010 ## - LCCN (DPL NO) | |
| LC control number | HIN-129550 |
| 020 ## - INTERNATIONAL STANDARD BOOK NUMBER | |
| International Standard Book Number | 9789383980376 |
| Terms of availability | 200.00 |
| 035 ## - SYSTEM CONTROL NUMBER | |
| System control number | HN-101896 |
| 037 ## - SOURCE OF ACQUISITION | |
| Source of stock number/acquisition | DBAD |
| 082 ## - DEWEY DECIMAL CLASSIFICATION NUMBER | |
| Classification number | 650.11 |
| Edition number | 1st |
| 100 ## - MAIN ENTRY--PERSONAL NAME | |
| Personal name | कुमार, श्रीश |
| 245 ## - TITLE STATEMENT | |
| Title | प्रबंध के मूल सिद्धांत तथा कार्य |
| Statement of responsibility, etc | डॉ. श्रीश कुमार |
| 260 ## - PUBLICATION, DISTRIBUTION, ETC. (IMPRINT) | |
| Place of publication, distribution, etc | नई दिल्ली |
| Name of publisher, distributor, etc | शिवांक प्रकाशन |
| 270 ## - ADDRESS | |
| Address | 4598/128, गोला कॉटेज अंसारी रोड, दरियागंज |
| City | नई दिल्ली |
| Postal code | 110002 |
| 300 ## - PHYSICAL DESCRIPTION | |
| Extent | viii, 280 |
| Dimensions | 22 सेमी (सजिल्द ) |
| 942 ## - ADDED ENTRY ELEMENTS (KOHA) | |
| Source of classification or shelving scheme | Dewey Decimal Classification |
| Item type | Hindi Books |
| Classification part | 650.11 |
| Call number suffix | कुमार |
| Withdrawn status | Lost status | Not for loan | Collection code | Home library | Current library | Date acquired | Source of acquisition | Cost, normal purchase price | Full call number | Barcode | Copy number | Koha item type |
|---|---|---|---|---|---|---|---|---|---|---|---|---|
| Non-fiction | Patel Nagar | Patel Nagar | 03/04/2025 | DBAD | 995.00 | 650.11 कुमार | HN-101896 | 1 | Hindi Books |
